000 00890nam a2200265 i 4500
003 DO-SdBNP
005 20240627082221.0
007 ta
008 240627b ck b|||| |||| 00| 0 spa d
020 _a958704195X
040 _aDO-SdBNP
_bspa
_cBNPHU
_erda
100 _aSchwanitz, Dietrich,
_985714
_eautor
245 1 3 _aLa cultura :
_btodo lo que hay que saber /
_cDietrich Schwanttz ; traducción, Vicente Gómez Ibáñez
264 _aBogota, Colombia :
_bTaurus,
_c2004.
300 _a558 páginas :
_bmapas ;
_c24 cm.
336 _2rdacontent
_atexto
_btxt
337 _2rdamedia
_asin mediación
_bn
338 _2rdacarrier
_avolumen
_bnc
490 _aPensamiento
500 _aIncluye datos biográficos del autor en la solapa de la cubierta
590 _aInventariado, 2024/BT
700 1 _aGómez Ibañéz, Vicente,
_etraductor
_92546
910 _aBtavárez
942 _2ddc
_cLBS1
999 _c57027
_d57027